000 00683 a2200205 4500
001 61086
005 20260407155901.0
008 260407a1974 arg spa d
003 AR-UNSa-BCEJYS
040 _aAR-UNSa-BCEJYS
_bspa
_cAR-UNSa-BCEJYS
080 _a35.077.3
_xProcedimiento administrativo (licitación pública...)
245 1 0 _aProcedimiento administrativo nacional
_pDecreto Ley 19.549/72 y reglamento aprobado por decreto 1759/72
264 1 _aBuenos Aires :
_bAstrea
_c1974
300 _a202 p.
_c20 cm.
041 _aspa
942 _cBK
590 _aniveau_biblio:m niveau_hierar:0
100 1 _aFernández Vázquez, Emilio
700 1 _aSendín, Emilio Marcelino
999 _c7211
_d7211